| 000 | 00911cam a2200241 4500 | ||
|---|---|---|---|
| 001 | ABS61939 | ||
| 008 | 000000n2000 000 0 eng u | ||
| 035 | _a(Sirsi) u104147 | ||
| 100 | _aGreen, T. | ||
| 245 | _aDealing with the money men | ||
| 260 | _c2000 | ||
| 490 |
_aProperty Week _v65(3) 21 January 2000, 54-55(2) |
||
| 520 | _aHighlights a range of issues including good contractual provisions, acquisition requirements, supervision, professional indemnity insurance provisions, tenancy agreements and leases to ensure good security for property developer and development funder. | ||
| 590 | _aABS | ||
| 650 | _aPROPERTY DEVELOPMENT | ||
| 650 | _aFUNDING | ||
| 650 |
_aContamination _96231 |
||
| 650 | _aBUILT ENVIRONMENT-BUILDING CONTRACT FORMS | ||
| 650 | _aPROFESSIONAL INDEMNITY | ||
| 650 | _aSUPERVISION | ||
| 690 | _aMANAGEMENT-BUSINESS MANAGEMENT-FINANCIAL MANAGEMENT | ||
| 942 | _n0 | ||
| 999 |
_c62507 _d62507 |
||